| 000 | 00791cam a22002295a 4500 | ||
|---|---|---|---|
| 001 | 17168556 | ||
| 003 | OSt | ||
| 005 | 20180116192425.0 | ||
| 008 | 120216s xx 000 0 eng | ||
| 010 | _a 2012359298 | ||
| 020 | _a9783034607261 | ||
| 040 |
_aDLC _cDLC _dDLC |
||
| 082 | _a668.9 | ||
| 245 | 0 | 0 |
_aConstruction Manual for Polymers +Membranes : _bMaterials, Semi-finished Products, Form-Finding, Design. |
| 260 |
_aBasel : _bBirkhèauser Verlag, _c2011. |
||
| 300 |
_a296 p. : _bill. (some col) ; _c30 cm |
||
| 490 | 0 | _aEdition Detail | |
| 856 | 4 | 2 |
_3Publisher description _uhttp://www.loc.gov/catdir/enhancements/fy1212/2012359298-d.html |
| 906 |
_a0 _bibc _corignew _d2 _encip _f20 _gy-gencatlg |
||
| 942 |
_2ddc _cBK |
||
| 999 |
_c354065 _d354065 |
||